Nanjing requiem/ 880L (Record no. 362942)
[ view plain ]
| 000 -LEADER | |
|---|---|
| fixed length control field | 00291nam a2200109Ia 4500 |
| 008 - FIXED-LENGTH DATA ELEMENTS--GENERAL INFORMATION | |
| fixed length control field | 200120s9999 xx 000 0 und d |
| 020 ## - INTERNATIONAL STANDARD BOOK NUMBER | |
| International Standard Book Number | 9780307743732 |
| 100 ## - MAIN ENTRY--PERSONAL NAME | |
| Personal name | Jin Ha |
| 245 ## - TITLE STATEMENT | |
| Statement of responsibility, etc | Ha Jin |
| Title | Nanjing requiem/ 880L |
| 260 ## - PUBLICATION, DISTRIBUTION, ETC. (IMPRINT) | |
| Place of publication, distribution, etc | NY: |
| Name of publisher, distributor, etc | Vintage international |
| Date of publication, distribution, etc | 2011 |
| 300 ## - PHYSICAL DESCRIPTION | |
| Extent | 300 p. ; |
| Dimensions | 21 cm. |
| Withdrawn status | Lost status | Source of classification or shelving scheme | Damaged status | Home library | Current library | Shelving location | Date acquired | Source of acquisition | Total Checkouts | Full call number | Barcode | Date last seen | Price effective from | Koha item type | Public note |
|---|---|---|---|---|---|---|---|---|---|---|---|---|---|---|---|
| Library of Congress Classification | Luxembourg Library | Luxembourg Library | Scholastic Reading Center Section | 01/20/2020 | Donation | PS 3560.I6 .J61 2011 | Lex3203 | 01/20/2020 | 01/20/2020 | Books | Replacement of book LEX2825 (Inventory AY 18-19) |